A wayfarer in the West Indies /

Bibliographic Details
Main Author: Aspinall, Algernon Edward, Sir, 1871-1952
Format: Book
Language:English
Published: London : Methuen & co., ltd., [1928]
Subjects:

MARC

Tag First Indicator Second Indicator Subfields
LEADER 00000cam a2200000 4500
001 in00000257544
005 20151010053640.0
008 781209r19281928enkaf 00010 eng d
010 |a  28013118  
035 |a (OCoLC)04434203 
035 |9 ABC5261AM 
040 |a DLC  |c CLE  |d TXA  |d UtOrBLW 
049 |a TXAM  |c [666432] 
050 0 |a F2131  |b .A854 
090 |a F2131  |b .A354 
100 1 |a Aspinall, Algernon Edward,  |c Sir,  |d 1871-1952. 
245 1 2 |a A wayfarer in the West Indies /  |c by Algernon Aspinall. With nineteen illustrations and an end-paper map. 
264 1 |a London :  |b Methuen & co., ltd.,  |c [1928] 
300 |a x pages, 1 ., 244 pages :  |b frontispiece, 18 illustrations on 15 plates ;  |c 20 cm. 
336 |a text  |b txt  |2 rdacontent 
337 |a unmediated  |b n  |2 rdamedia 
338 |a volume  |b nc  |2 rdacarrier 
500 |a "First published in 1928." 
651 0 |a West Indies, British  |x Description and travel. 
651 0 |a West Indies, French  |x Description and travel. 
651 0 |a United States Virgin Islands  |x Description and travel. 
999 |a MARS 
999 f f |s 43980373-e2de-3085-9497-bae1a038d280  |i 9958fbb3-f2f1-3ff0-94a0-fc6aa71c0cef  |t 0 
952 f f |p ric  |a Texas A&M University  |b Rellis Campus  |c Joint Library Facility  |d Remote Storage  |t 0  |e F2131 .A354  |h Library of Congress classification  |i unmediated -- volume  |m A14802361483 
998 f f |a F2131 .A354  |t 0  |l Remote Storage